Deriváty v účetnictví podnikatelů
Saved in:
| Main Author: | |
|---|---|
| Format: | Book |
| Language: | Czech |
| Published: |
Brno
CP Books
2005
|
| Series: | Daně a účetnictví
|
| Subjects: | |
| Tags: |
No Tags, Be the first to tag this record!
|
MARC
| LEADER | 00000nam$a2200000$$$4500 | ||
|---|---|---|---|
| 001 | 0054433 | ||
| 005 | 20240315114423.5 | ||
| 020 | |a 80-251-0754-X | ||
| 041 | 0 | |a cze | |
| 044 | |a CZ | ||
| 245 | 1 | 0 | |a Deriváty v účetnictví podnikatelů |c Jiří Strouhal |
| 264 | 1 | |a Brno |b CP Books |c 2005 | |
| 300 | |a 109 s. | ||
| 490 | 1 | |a Daně a účetnictví | |
| 830 | 0 | |a Daně a účetnictví | |
| 610 | 2 | 0 | |a deriváty |
| 610 | 2 | 0 | |a účtovníctvo |
| 610 | 2 | 0 | |a podnikatelia |
| 610 | 2 | 0 | |a papiere cenné |
| 610 | 2 | 0 | |a opcie |
| 610 | 2 | 0 | |a futurity |
| 610 | 2 | 0 | |a vývoj |
| 610 | 2 | 0 | |a forwardy |
| 610 | 2 | 0 | |a kontrakty |
| 610 | 2 | 0 | |a swap |
| 610 | 2 | 0 | |a nástroje finančné |
| 610 | 2 | 0 | |a účtovanie |
| 610 | 2 | 0 | |a oceňovanie |
| 610 | 2 | 0 | |a hedging |
| 610 | 2 | 0 | |a dane |
| 610 | 2 | 0 | |a štandardy účtovné medzinárodné |
| 610 | 2 | 0 | |a osnova účtová |
| 610 | 2 | 0 | |a obchody burzové |
| 610 | 2 | 0 | |a Česko |
| 100 | 1 | |a Strouhal, Jiří | |